Denmark Country Quiz - Statistics

General Stats
  • This quiz has been taken 76,275 times
    76,265 since last reset
  • The average score is 14 of 23
Answer Stats
Clue Answer % Correct
Official language Danish
99%
Capital city Copenhagen
97%
Bordering country Germany
91%
World's largest island Greenland
89%
Brand of colourful plastic bricks Lego
86%
Statue in the harbor of the capital The Little {Mermaid}
79%
Seas that Denmark borders North Sea
78%
Seas that Denmark borders Baltic Sea
72%
Shakespeare play set in Denmark Hamlet
72%
Currency Krone
71%
Famous fairy tale writer Hans Christian Andersen
67%
Main peninsula Jutland
59%
Danish island chain about320 km north of Scotland Faroe Islands
58%
Name for the country in that language Danmark
52%
Second largest city Aarhus
46%
Most popular beer brand globally Carlsberg
45%
Major Christian branch Lutheran
43%
Most populous island Zealand
43%
Theme park opened in 1843 {Tivoli} Gardens
39%
Quantum physicist who won the 1922 Nobel Prize Niels Bohr
31%
"Autonomous" hippie neighborhood of the capital Christiania
29%
Famous existential philosopher Søren Kierkegaard
24%
Danish sea captain who exploredon behalf of Russia Vitus Bering
23%
No matching quizzes found
Score Distribution
Percent of People with Each Score
Percentile by Number Answered
Your Score History
You have not taken this quiz since the last reset